<?xml version="1.0" encoding="UTF-8"?><?xml-stylesheet type="text/xsl" href="static/style.xsl"?><OAI-PMH xmlns="http://www.openarchives.org/OAI/2.0/" xmlns:xsi="http://www.w3.org/2001/XMLSchema-instance" xsi:schemaLocation="http://www.openarchives.org/OAI/2.0/ http://www.openarchives.org/OAI/2.0/OAI-PMH.xsd"><responseDate>2026-06-01T11:52:37Z</responseDate><request verb="GetRecord" identifier="oai:riuma.uma.es:10630/22832" metadataPrefix="marc">https://riuma.uma.es/rest/oai/request</request><GetRecord><record><header><identifier>oai:riuma.uma.es:10630/22832</identifier><datestamp>2026-02-03T12:10:17Z</datestamp><setSpec>com_10630_2254</setSpec><setSpec>col_10630_37959</setSpec></header><metadata><record xmlns="http://www.loc.gov/MARC21/slim" xmlns:dcterms="http://purl.org/dc/terms/" xmlns:doc="http://www.lyncode.com/xoai" xmlns:xsi="http://www.w3.org/2001/XMLSchema-instance" xsi:schemaLocation="http://www.loc.gov/MARC21/slim http://www.loc.gov/standards/marcxml/schema/MARC21slim.xsd">
   <leader>00925njm 22002777a 4500</leader>
   <datafield ind2=" " ind1=" " tag="042">
      <subfield code="a">dc</subfield>
   </datafield>
   <datafield ind2=" " ind1=" " tag="720">
      <subfield code="a">Granados-Ortiz, Francisco-Javier</subfield>
      <subfield code="e">author</subfield>
   </datafield>
   <datafield ind2=" " ind1=" " tag="720">
      <subfield code="a">Ortega-Casanova, Joaquín</subfield>
      <subfield code="e">author</subfield>
   </datafield>
   <datafield ind2=" " ind1=" " tag="260">
      <subfield code="c">2021</subfield>
   </datafield>
   <datafield ind2=" " ind1=" " tag="520">
      <subfield code="a">Computational design is a key part in most engineering applications, thanks to the possibility to create new designs in a safer, quicker and reliable environment. The recent developments in engineering are also guiding the classical design life cycle to a more sophisticated frameworks, such as the implementation of Machine Learning methods to support the design process. This work shows the potential of using the namely Machine Learning-Aided Design Optimisation framework to optimise vortex-shedding based applications, and it is applied as example to a vortex shedding aerodynamic-based design extendable to other applications. This framework consisted of using a predictive model to discard useless computations and speed up the efficient construction of surrogate models. The method is applied to the optimisation of a mechanical vortex shedding-based passive mixer achieving a successful design in terms of minimisation of pressure drop and maximisation of mixing efficiency.</subfield>
   </datafield>
   <datafield ind1="8" ind2=" " tag="024">
      <subfield code="a">https://hdl.handle.net/10630/22832</subfield>
   </datafield>
   <datafield tag="653" ind2=" " ind1=" ">
      <subfield code="a">Ingeniería mecánica - Congresos</subfield>
   </datafield>
   <datafield ind2="0" ind1="0" tag="245">
      <subfield code="a">Machine Learning-Aided Design Optimisation(MLADO) in Vortex Shedding-Based Engineering Applications</subfield>
   </datafield>
</record>
</metadata></record></GetRecord></OAI-PMH>